| 000 | 00751nam a22001935b 4500 | ||
|---|---|---|---|
| 001 | bimo0000437046 | ||
| 003 | OSt | ||
| 005 | 20150624144212.0 | ||
| 008 | 950330s1994 slv spa | ||
| 020 | _a84-606-1875-7 | ||
| 040 |
_aSpMaBN _bspa _cBMC _erdc |
||
| 082 | _a980.0102 | ||
| 111 | 2 |
_aCongreso de Academias Iberoamericanas de la Historia _n2º _d1992 _cMadrid _934992 |
|
| 245 | 1 | 0 |
_aFactores de diferenciación e instancias integradoras en la experiencia del mundo iberoamericano _b: Actas, Madrid, 8 al 14 de noviembre de 1992 _cII Congreso de Academias Iberoamericanas de la Historia |
| 260 |
_aMadrid _bReal Academia de la Historia _c1994 |
||
| 300 |
_a569 p. _c24 cm |
||
| 651 | 2 | 4 |
_aAmérica española _xHistoria _91308 |
| 942 |
_2ddc _cBK |
||
| 999 |
_c21416 _d21416 |
||